Shot by both sides

Zapisane w:
Opis bibliograficzny
1. autor: Goto, Meisei (Autor)
Format: Książka
Język:angielski
Wydane: Berkeley Counterpoint 1973
Hasła przedmiotowe:
Etykiety: Dodaj etykietę
Nie ma etykietki, Dołącz pierwszą etykiete!

MARC

LEADER 00000nam a2200000 a 4500
001 UCG7356
003 CL-VaPUC
008 110727e19730000US |||||||||||||||||eng|d
020 |a 9781582434339 
082 0 4 |a 895.6  |b GOT  |2 21 
100 0 |a Goto, Meisei  |e author  |9 558057 
245 1 0 |a Shot by both sides 
300 |a 215 p 
942 |c BK 
945 |d 20110727 00:00:00  |a dcastane 
260 |a Berkeley  |b Counterpoint  |c 1973 
650 7 |a NOVELAS JAPONESAS  |2 CL-VaPUC  |9 558058 
650 0 |a Literatura japonesa  |9 266543 
583 |a last modification  |c 20110727 00:00:00  |k Rodrigo Vera 
999 |c 345374  |d 345372 
952 |0 0  |1 0  |4 0  |6 895_600000000000000_GOT_1973  |7 0  |8 A  |9 444013  |a BIBGIM  |b BIBGIM  |d 2019-11-22  |i 4788508  |o 895.6 GOT 1973  |p 4788508  |r 2025-01-15  |w 2019-11-22  |y BK  |k ORI